First Two Same Letters Country and Capital - Statistics

General Stats
  • This quiz has been taken 305 times
    252 since last reset
  • The average score is 11 of 21
Answer Stats
Letter Country / Capital % Correct
V Vatican City (Vatican City)
78%
A Andorra (Andorra la Vella)
71%
M Mexico (Mexico City)
67%
A Algeria (Algiers)
65%
M Monaco (Monaco)
65%
G Guatemala (Guatemala City)
62%
B Brazil (Brasilia)
61%
P Panama (Panama City)
60%
L Luxembourg (Luxembourg)
59%
D Djibouti (Djibouti)
58%
K Kuwait (Kuwait City)
58%
S San Marino (San Marino)
54%
S Singapore (Singapore)
48%
T Tunisia (Tunis)
48%
B Belize (Belmopan)
38%
T Taiwan (Taipei)
34%
M Maldives (Malé)
33%
N Niger (Niamey)
33%
S Sri Lanka (Sri Jayawardenepura Kotte)
29%
S São Tomé and Príncipe (São Tomé)
28%
M Marshall Islands (Majuro)
21%
No matching quizzes found
Score Distribution
Percent of People with Each Score
Percentile by Number Answered
Your Score History
You have not taken this quiz since the last reset